<?xml version="1.0" encoding="UTF-8"?>
<record
    xmlns:xsi="http://www.w3.org/2001/XMLSchema-instance"
    xsi:schemaLocation="http://www.loc.gov/MARC21/slim http://www.loc.gov/standards/marcxml/schema/MARC21slim.xsd"
    xmlns="http://www.loc.gov/MARC21/slim">

  <leader>01615cam a2200337 i 4500</leader>
  <controlfield tag="001">BRCA_9184</controlfield>
  <controlfield tag="003">FranzMayer</controlfield>
  <controlfield tag="005">20220809132327.0</controlfield>
  <controlfield tag="008">220704b        |||||||| |||| 00| 0 spa d</controlfield>
  <datafield tag="020" ind1=" " ind2=" ">
    <subfield code="a">9788494962967</subfield>
  </datafield>
  <datafield tag="040" ind1=" " ind2=" ">
    <subfield code="b">spa</subfield>
    <subfield code="c">MFM</subfield>
  </datafield>
  <datafield tag="041" ind1=" " ind2=" ">
    <subfield code="a">spa</subfield>
  </datafield>
  <datafield tag="050" ind1="0" ind2="0">
    <subfield code="a">ND1460.G37</subfield>
    <subfield code="b">S67 2018</subfield>
  </datafield>
  <datafield tag="245" ind1="0" ind2="0">
    <subfield code="a">Sorolla :</subfield>
    <subfield code="b">jardines /</subfield>
    <subfield code="c">Blanca Pons-Sorolla, M&#xF3;nica Rodr&#xED;guez Subirana</subfield>
  </datafield>
  <datafield tag="264" ind1=" " ind2="1">
    <subfield code="a">Madrid :</subfield>
    <subfield code="b">Ediciones El Viso,</subfield>
    <subfield code="c">2018</subfield>
  </datafield>
  <datafield tag="300" ind1=" " ind2=" ">
    <subfield code="a">151 p. :</subfield>
    <subfield code="b">il. y fot.  ;</subfield>
    <subfield code="c">25 x 29 cm</subfield>
  </datafield>
  <datafield tag="336" ind1=" " ind2=" ">
    <subfield code="a">still image</subfield>
    <subfield code="2">rdacontent</subfield>
  </datafield>
  <datafield tag="336" ind1=" " ind2=" ">
    <subfield code="a">text</subfield>
    <subfield code="2">rdacontent</subfield>
  </datafield>
  <datafield tag="337" ind1=" " ind2=" ">
    <subfield code="a">unmediated</subfield>
    <subfield code="2">rdamedia</subfield>
  </datafield>
  <datafield tag="338" ind1=" " ind2=" ">
    <subfield code="a">volume</subfield>
    <subfield code="2">rdacarrier</subfield>
  </datafield>
  <datafield tag="500" ind1=" " ind2=" ">
    <subfield code="a">Ubicaci&#xF3;n: L59-N5</subfield>
  </datafield>
  <datafield tag="500" ind1=" " ind2=" ">
    <subfield code="a">Incluye pintura de Museo Franz Mayer (55 p.)</subfield>
  </datafield>
  <datafield tag="505" ind1=" " ind2=" ">
    <subfield code="t">Sorolla, pintor de jardines / </subfield>
    <subfield code="r">Blanca Pons-Sorolla</subfield>
  </datafield>
  <datafield tag="505" ind1=" " ind2=" ">
    <subfield code="t">De los primeros jardines a la independencia del jard&#xED;n ; </subfield>
    <subfield code="t">Sevilla, el jard&#xED;n como contrapunto a la arquitectura y la historia ; </subfield>
    <subfield code="t">Granada: sierra nevada, los patios, los jardines ; </subfield>
    <subfield code="t">Jardines de la casa Sorolla: la pasi&#xF3;n &#xFA;ltima del pintor /</subfield>
    <subfield code="r">M&#xF3;nica Rodr&#xED;guez Subirana</subfield>
  </datafield>
  <datafield tag="520" ind1=" " ind2=" ">
    <subfield code="a">Las investigadoras Blanca Pons-Sorolla y M&#xF3;nica Rodr&#xED;guez Subirana exploran la fascinaci&#xF3;n de Sorolla  por los jardines, al tiempo que sit&#xFA;an las obras m&#xE1;s importantes que realizara en este g&#xE9;nero en el contexto de su vida y carrera. - Proporcionado por el editor</subfield>
  </datafield>
  <datafield tag="600" ind1="1" ind2="0">
    <subfield code="a">Sorolla, Joaqu&#xED;n,</subfield>
    <subfield code="d">1863-1923</subfield>
    <subfield code="v">Cat&#xE1;logos</subfield>
    <subfield code="9">2380</subfield>
  </datafield>
  <datafield tag="600" ind1="1" ind2="0">
    <subfield code="a">Sorolla, Joaqu&#xED;n,</subfield>
    <subfield code="d">1863-1923</subfield>
    <subfield code="x">Pintura</subfield>
    <subfield code="9">28402</subfield>
  </datafield>
  <datafield tag="650" ind1=" " ind2="0">
    <subfield code="a">Jardines</subfield>
    <subfield code="x">Arte</subfield>
    <subfield code="x">Pintura</subfield>
    <subfield code="z">Espa&#xF1;a</subfield>
    <subfield code="9">28403</subfield>
  </datafield>
  <datafield tag="942" ind1=" " ind2=" ">
    <subfield code="2">lcc</subfield>
    <subfield code="c">B</subfield>
  </datafield>
  <datafield tag="999" ind1=" " ind2=" ">
    <subfield code="c">10803</subfield>
    <subfield code="d">10803</subfield>
  </datafield>
  <datafield tag="952" ind1=" " ind2=" ">
    <subfield code="0">0</subfield>
    <subfield code="1">0</subfield>
    <subfield code="2">lcc</subfield>
    <subfield code="4">0</subfield>
    <subfield code="7">0</subfield>
    <subfield code="a">BRCA</subfield>
    <subfield code="b">BRCA</subfield>
    <subfield code="d">2022-07-04</subfield>
    <subfield code="l">0</subfield>
    <subfield code="o">ND1460.G37 S67 2018</subfield>
    <subfield code="p">CONT9957</subfield>
    <subfield code="r">2022-07-04 00:00:00</subfield>
    <subfield code="w">2022-07-04</subfield>
    <subfield code="y">B</subfield>
  </datafield>
</record>
